| 000 | 00421cam a2200157ua 4500 | ||
|---|---|---|---|
| 041 |
_amal _h |
||
| 082 |
_a573.2 _bGOL/AD |
||
| 100 | _aGoldman, Irving . | ||
| 245 |
_aAdhima Manushyan / _cIrving Goldman. _hTextual Documents |
||
| 260 |
_aKottayam : _bPrabhatham printing and publishing co. pvt. ltd. , _c1957. |
||
| 300 | _a221 ; . | ||
| 504 | _a | ||
| 700 | 1 | _aGoldman, Hannath . | |
| 942 | _cBK | ||
| 999 |
_c706 _d706 |
||